00330 2200145 4500001002100000005001500021035002000036245002900056100002000085300001100105260002200116082000800138084001400146990002400160INLIS00000000000226620250527025443 a0010-05250005581 aSenam /cSatrio Ahmad Y.0 aSatrio Ahmad Y. a36 hlm bIndah Jaya,c2007 a700 a700 SAT s a0713183 s/d 0713184